[Event "Isla de la Juventud-ch"]
[Site "Nueva Gerona"]
[Date "2009.10.28"]
[Round "8"]
[White "Bezanilla Sanchez, Alexis"]
[Black "Valiente Zambrano, Leonel"]
[Result "1-0"]
[WhiteElo "2301"]
[BlackElo "2209"]
[PlyCount "97"]
[EventDate "2009.10.25"]
[EventType "tourn"]
[EventRounds "18"]
[EventCountry "CUB"]
[SourceTitle "EXT 2019"]
[Source "ChessBase"]
[SourceDate "2018.10.10"]
[SourceVersion "1"]
[SourceVersionDate "2018.10.10"]
[SourceQuality "1"]

1. e4 c5 2. Nc3 e6 3. Nf3 Nc6 4. d4 cxd4 5. Nxd4 Qc7 6. Ndb5 Qb8 7. Bc4 Nf6 8. 0-0 a6 9. Nd4 b5 10. Nxc6 dxc6 11. Bd3 Bd6 12. f4 e5 13. Qf3 Bg4 14. Qg3 b4 15. Nd1 h5 16. h3 h4 17. Qf2 Bxd1 18. fxe5 Bxe5 19. Rxd1 Rh5 20. a3 b3 21. Rb1 Bg3 22. Qf3 bxc2 23. Bxc2 Kf8 24. Be3 a5 25. Bd4 Be5 26. Bc5+ Kg8 27. b4 Qc7 28. Kh1 axb4 29. Rxb4 Rg5 30. Rdb1 Bh2 31. Bf2 Bg3 32. Rb7 Qe5 33. Be3 Rg6 34. Bd2 Bh2 35. Bc3 Qe8 36. Qf5 Rxa3 37. Bb3 Rxb3 38. R1xb3 Qxe4 39. Qxe4 Nxe4 40. Kxh2 c5 41. Be1 c4 42. Rf3 Nd6 43. Rc7 Rh6 44. Bb4 c3 45. Rcxc3 Ne8 46. Rc5 Re6 47. Rf4 Re2 48. Rxh4 f6 49. Rd4 1-0

[Event "Havana Provincial"]
[Site "Havana"]
[Date "1999.??.??"]
[Round "?"]
[White "Bezanilla Sanchez, Alexis"]
[Black "Elissalt Cardenas, Hector"]
[Result "1-0"]
[WhiteElo "2300"]
[BlackElo "2285"]
[PlyCount "33"]
[EventDate "1999.??.??"]
[EventType "tourn"]
[EventRounds "15"]
[EventCountry "CUB"]
[SourceTitle "EXT 2000"]
[Source "ChessBase"]
[SourceDate "1999.11.16"]
[SourceVersion "1"]
[SourceVersionDate "1999.11.16"]
[SourceQuality "1"]

1. d4 f5 2. Bg5 c6 3. e3 g6 4. Bd3 Bg7 5. Nd2 Na6 6. h4 h6 7. Bf4 d6 8. c3 e5 9. Bg3 Nc7 10. Qc2 b5 11. 0-0-0 Qe7 12. h5 e4 13. Nxe4 fxe4 14. Bxe4 g5 15. Bxc6+ Bd7 16. Qg6+ Kd8 17. Bxd6 1-0

[Event "Havana Provincial"]
[Site "Havana"]
[Date "1999.??.??"]
[Round "?"]
[White "Gonzalez Vidal, Yuri"]
[Black "Bezanilla Sanchez, Alexis"]
[Result "1-0"]
[WhiteElo "2385"]
[BlackElo "2300"]
[PlyCount "51"]
[EventDate "1999.??.??"]
[EventType "tourn"]
[EventRounds "15"]
[EventCountry "CUB"]
[SourceTitle "EXT 2000"]
[Source "ChessBase"]
[SourceDate "1999.11.16"]
[SourceVersion "1"]
[SourceVersionDate "1999.11.16"]
[SourceQuality "1"]

1. e4 c6 2. d4 g6 3. Nc3 d5 4. h3 Bg7 5. Nf3 Nh6 6. Bd3 0-0 7. 0-0 a5 8. Ne2 Na6 9. a3 c5 10. exd5 cxd4 11. Bc4 Nc7 12. Nexd4 Nxd5 13. Re1 Nb6 14. Ba2 Qc7 15. Qe2 Nf5 16. Nxf5 Bxf5 17. Qxe7 Qxc2 18. Qxb7 Rab8 19. Qa7 Na4 20. Ng5 Nxb2 21. Bxb2 Qxb2 22. Nxf7 Rb7 23. Qxb7 Qxb7 24. Nd6+ Kh8 25. Nxb7 Bxa1 26. Rxa1 1-0

[Event "Havana Provincial"]
[Site "Havana"]
[Date "1999.??.??"]
[Round "?"]
[White "Ravelo Gil, Eddy"]
[Black "Bezanilla Sanchez, Alexis"]
[Result "1/2-1/2"]
[WhiteElo "2331"]
[BlackElo "2300"]
[PlyCount "33"]
[EventDate "1999.??.??"]
[EventType "tourn"]
[EventRounds "15"]
[EventCountry "CUB"]
[SourceTitle "EXT 2000"]
[Source "ChessBase"]
[SourceDate "1999.11.16"]
[SourceVersion "1"]
[SourceVersionDate "1999.11.16"]
[SourceQuality "1"]

1. e4 e5 2. Nc3 Nf6 3. g3 d5 4. exd5 Nxd5 5. Bg2 Nxc3 6. bxc3 Nc6 7. Nf3 Bc5 8. 0-0 0-0 9. Re1 Qf6 10. d3 h6 11. Rb1 Bb6 12. Be3 Bg4 13. h3 Bh5 14. g4 Bg6 15. Nd2 Rad8 16. Ne4 Qe7 17. c4 1/2-1/2

[Event "Havana Guines"]
[Site "Havana"]
[Date "1996.??.??"]
[Round "1.3"]
[White "Bezanilla Sanchez, Alexis"]
[Black "Elissalt Cardenas, Hector"]
[Result "1/2-1/2"]
[WhiteElo "2320"]
[BlackElo "2250"]
[PlyCount "72"]
[EventDate "1996.??.??"]
[EventType "tourn"]
[EventRounds "9"]
[EventCountry "CUB"]
[EventCategory "3"]
[SourceTitle "EXT 2006"]
[Source "ChessBase"]
[SourceDate "2005.11.24"]
[SourceVersion "1"]
[SourceVersionDate "2005.11.24"]
[SourceQuality "1"]

1. d4 f5 2. Nc3 Nf6 3. Bg5 c6 4. Bxf6 exf6 5. e3 d5 6. Bd3 Be6 7. Qf3 g6 8. Nge2 Nd7 9. h3 Qa5 10. a3 Bd6 11. 0-0 0-0 12. b4 Qc7 13. Na4 Ne5 14. dxe5 fxe5 15. Nd4 exd4 16. exd4 Rae8 17. Nc5 Bf7 18. Rfe1 Re7 19. Bf1 Rfe8 20. Rxe7 Qxe7 21. c3 b6 22. Nd3 Qg5 23. Ra2 h5 24. a4 h4 25. a5 b5 26. Qd1 Kg7 27. Re2 Re4 28. Qd2 f4 29. Ne1 Qe7 30. f3 Re6 31. Rxe6 Bxe6 32. Qe2 Bf5 33. Qxe7+ Bxe7 34. Bd3 Bc8 35. Kf2 Bd6 36. Ke2 Kf6 1/2-1/2

[Event "CUB-ch sf"]
[Site "Villa Clara"]
[Date "1995.??.??"]
[Round "2"]
[White "Leyva Proenza, Ricardo"]
[Black "Bezanilla Sanchez, Alexis"]
[Result "1/2-1/2"]
[WhiteElo "2300"]
[BlackElo "2185"]
[PlyCount "111"]
[EventDate "1995.??.??"]
[EventType "swiss"]
[EventRounds "9"]
[EventCountry "CUB"]
[SourceTitle "EXT 1997"]
[Source "ChessBase"]
[SourceDate "1996.11.15"]
[SourceVersion "1"]
[SourceVersionDate "1996.11.15"]
[SourceQuality "1"]

1. e4 e5 2. Nf3 Nc6 3. Bc4 Bc5 4. b4 Bb6 5. a4 a6 6. Nc3 Nf6 7. Nd5 Nxe4 8. Qe2 Nd6 9. Nxe5 0-0 10. Nxc6 bxc6 11. Nxb6 cxb6 12. 0-0 a5 13. Ra3 axb4 14. Rg3 Nxc4 15. Qxc4 Ba6 16. Qg4 Qf6 17. d3 c5 18. Qxd7 Rfd8 19. Qg4 Rd4 20. Qe2 Rd5 21. Rf3 Re5 22. Qd1 Rf5 23. Bb2 Qg6 24. Re1 Bb7 25. Rg3 Rg5 26. Ree3 f6 27. Rxg5 Qxg5 28. Rg3 Qf5 29. Qe2 Kf7 30. Re3 Bc6 31. h3 Re8 32. Rxe8 Bxe8 33. c3 b3 34. d4 Qe6 35. Qxe6+ Kxe6 36. dxc5 bxc5 37. a5 Bb5 38. f3 Kd5 39. Kf2 Kc6 40. Ke3 Bc4 41. h4 Kb5 42. g4 Kxa5 43. f4 Kb5 44. Ke4 Kc6 45. g5 fxg5 46. fxg5 Kd6 47. Ba3 Ke6 48. Bb2 Kf7 49. Ke5 Be2 50. c4 Bxc4 51. Kd6 Be2 52. Kxc5 Kg6 53. Kb4 Bd1 54. Ka3 h5 55. gxh6 gxh6 56. Bc3 1/2-1/2

[Event "Havana op"]
[Site "Havana"]
[Date "1994.??.??"]
[Round "1"]
[White "Damaso, Rui"]
[Black "Bezanilla Sanchez, Alexis"]
[Result "1-0"]
[WhiteElo "2435"]
[BlackElo "2275"]
[PlyCount "75"]
[EventDate "1994.04.??"]
[EventType "swiss"]
[EventRounds "9"]
[EventCountry "CUB"]
[SourceTitle "EXT 1997"]
[Source "ChessBase"]
[SourceDate "1996.11.15"]
[SourceVersion "1"]
[SourceVersionDate "1996.11.15"]
[SourceQuality "1"]

1. e4 e5 2. Nf3 Nc6 3. Bb5 a6 4. Ba4 Nf6 5. Nc3 b5 6. Bb3 Be7 7. a4 Rb8 8. axb5 axb5 9. Nd5 0-0 10. d3 d6 11. c3 Nd7 12. Be3 Bf6 13. 0-0 Ne7 14. Ba7 Rb7 15. Nxe7+ Qxe7 16. Bd5 c6 17. Bxc6 Rc7 18. Bxb5 Nc5 19. Bxc5 Rxc5 20. Bc4 Bg4 21. h3 Bh5 22. Qe2 Rfc8 23. Qe3 h6 24. Ra6 Bg6 25. Rfa1 Qb7 26. b4 Rxc4 27. dxc4 Rxc4 28. Nd2 Bg5 29. Qd3 Rc8 30. Rxd6 Bxd2 31. Qxd2 Qxe4 32. Rd8+ Rxd8 33. Qxd8+ Kh7 34. Ra8 Qe1+ 35. Kh2 Be4 36. Qh8+ Kg6 37. Rg8 Kg5 38. Qxg7+ 1-0